| 000 | 00440nam a2200169Ia 4500 | ||
|---|---|---|---|
| 008 | 131103s9999 xx 000 0 und d | ||
| 040 | _aLoreto College | ||
| 041 | _aEnglish | ||
| 082 |
_a823.7/AUS _bLCLIB |
||
| 100 | _aAusten,Jane | ||
| 245 |
_aSense and sensiblity _cJane Austen |
||
| 260 |
_aNew York _bThe Modern Library _c1950 |
||
| 300 |
_a374 p. _c 15 cm. |
||
| 650 | _aEnglish Fiction | ||
| 850 | _aLCLIB/823.7/AUS | ||
| 942 | _cBK | ||
| 999 |
_c5591 _d56070 |
||